Změny a úpravy zásad hospodaření rozpočtových organizací.

Právne predpisy a zákony o pravidlách hospodárenia s rozpočtovými prostriedkami - tzv. rozpočtovými pravidlami v ČSFR. Zásady hospodárenia rozpočtových organizácií. Hmotná zainteresovanosť. Charakteristika investičných a neinvestičných výdavkov a rozpočtových príjmov. Rozsah a podmienky hospodárskej...

Descrizione completa

Salvato in:
Dettagli Bibliografici
Autore principale: Lehkoživ, J.
Natura: Capitolo di libro
Lingua:ceco
Soggetti:
Tags: Aggiungi Tag
Nessun Tag, puoi essere il primo ad aggiungerne!!

MARC

LEADER 00000naa a2200000 4500
001 r004494
005 20221125081522.0
041 0 |a cze 
044 |a [CS] 
245 1 0 |a Změny a úpravy zásad hospodaření rozpočtových organizací.  |c J. Lehkoživ 
520 |a Právne predpisy a zákony o pravidlách hospodárenia s rozpočtovými prostriedkami - tzv. rozpočtovými pravidlami v ČSFR. Zásady hospodárenia rozpočtových organizácií. Hmotná zainteresovanosť. Charakteristika investičných a neinvestičných výdavkov a rozpočtových príjmov. Rozsah a podmienky hospodárskej činnosti. Úvery, združené prostriedky a zdroje úhrady sankcií. 
610 2 0 |a hospodárenie podnikové 
610 2 0 |a organizácie rozpočtové 
610 2 0 |a predpisy právne 
610 2 0 |a zákony 
610 2 0 |a ČSFR 
610 2 0 |a zainteresovanosť hmotná 
610 2 0 |a príjmy 
610 2 0 |a výdavky 
610 2 0 |a úver 
610 2 0 |a činnosť hospodárska 
100 1 |a Lehkoživ, J.